Romance and sex in adolescence and emerging adulthood : risks and opportunities (Record no. 467366)

MARC details
000 -LEADER
fixed length control field 00683nam a2200205Ia 4500
008 - FIXED-LENGTH DATA ELEMENTS--GENERAL INFORMATION
fixed length control field 210417s9999 xx 000 0 und d
020 ## - INTERNATIONAL STANDARD BOOK NUMBER
International Standard Book Number 9781138906600
-- 1138906603
082 ## - DEWEY DECIMAL CLASSIFICATION NUMBER
Classification number 306.70835 BOO
Item number 22.306.70835 BOO
245 #0 - TITLE STATEMENT
Title Romance and sex in adolescence and emerging adulthood : risks and opportunities
Statement of responsibility, etc. Romance and sex in adolescence and emerging adulthood risks and opportunities
250 ## - EDITION STATEMENT
Edition statement Classic Edition.
Remainder of edition statement "xxvii, 276 pages ; 23 cm."
260 ## - PUBLICATION, DISTRIBUTION, ETC.
Place of publication, distribution, etc. "New York, NY"
Name of publisher, distributor, etc. Routledge
Date of publication, distribution, etc. 2016
700 ## - ADDED ENTRY--PERSONAL NAME
Personal name "Booth, Alan"
Numeration "edited by Alan Booth, Ann C. Crouter, and Anastasia Snyder."
Holdings
Withdrawn status Lost status Damaged status Not for loan Home library Current library Date acquired Total Checkouts Barcode Date last seen Price effective from Koha item type
        Anna Centenary Library Anna Centenary Library 17.04.2021   583924 17.04.2021 17.04.2021 Books

Find us on the map